Normal view
MARC view
Entry Personal Name
001 - CONTROL NUMBER
- control field: 20601
003 - CONTROL NUMBER IDENTIFIER
- control field: OSt
005 - DATE AND TIME OF LATEST TRANSACTION
- control field: 20210120151021.0
008 - FIXED-LENGTH DATA ELEMENTS
- fixed length control field: 210120|| aca||aabn | a|a d
040 ## - CATALOGING SOURCE
- Original cataloging agency: OSt
- Transcribing agency: OSt
100 ## - HEADING--PERSONAL NAME
- Personal name: Rau, Prasada M. V. S.
670 ## - SOURCE DATA FOUND
- Source citation: Work cat.: (OSt): Rau, Prasada M. V. S., Archival organization and records management in the state of Andhra Pradesh, 1980
